Ciencia y política (Registro nro. 6958)

Detalles MARC
000 -LEADER
fixed length control field 00641 a2200205 4500
001 - CONTROL NUMBER
control field 60389
005 - DATE AND TIME OF LATEST TRANSACTION
control field 20260407155855.0
008 - FIXED-LENGTH DATA ELEMENTS--GENERAL INFORMATION
fixed length control field 260407a1980 arg spa d
003 - CONTROL NUMBER IDENTIFIER
control field AR-UNSa-BCEJYS
040 ## - CATALOGING SOURCE
Original cataloging agency AR-UNSa-BCEJYS
Language of cataloging spa
Transcribing agency AR-UNSa-BCEJYS
080 ## - UNIVERSAL DECIMAL CLASSIFICATION NUMBER
Universal Decimal Classification number 316.334.3
Common auxiliary subdivision Sociología de subsistemas e instituciones políticas. Sociología política
041 ## - LANGUAGE CODE
Language code of text/sound track or separate title spa
100 1# - MAIN ENTRY--PERSONAL NAME
Personal name Weber, Max
245 10 - TITLE STATEMENT
Title Ciencia y política
264 #1 - PRODUCTION, PUBLICATION, DISTRIBUTION, MANUFACTURE, AND COPYRIGHT NOTICE
Place of production, publication, distribution, manufacture Buenos Aires :
Name of producer, publisher, distributor, manufacturer Centro Editor de America Latina
Date of production, publication, distribution, manufacture, or copyright notice 1980
300 ## - PHYSICAL DESCRIPTION
Extent 143 p.
Dimensions 18 cm.
505 ## - FORMATTED CONTENTS NOTE
Formatted contents note 1. La ciencia como profesión - 2.
590 ## - LOCAL NOTE (RLIN)
Local note niveau_biblio:m niveau_hierar:0
942 ## - ADDED ENTRY ELEMENTS (KOHA)
Koha item type
Existencias
Withdrawn status Lost status Damaged status Not for loan Home library Current library Shelving location Date acquired Total checkouts Full call number Barcode Date last seen Price effective from Koha item type Public note
        Biblioteca Prof. Eusebio Cleto del Rey Biblioteca Prof. Eusebio Cleto del Rey   07/04/2026   316.334.3 W373 L129145 07/04/2026 07/04/2026 Libro SUBRAYADO CON LAPICERA AZÚL -